书目信息 |
| 题名: |
法拉利传奇
|
|
| 作者: | 奥佩曼 著 ;王宇芳 译 | |
| 分册: | ||
| 出版信息: | 北京 中国人民大学出版社 2006 |
|
| 页数: | 242 | |
| 开本: | 23cm | |
| 丛书名: | ||
| 单 册: | ||
| 中图分类: | G872.1 | |
| 科图分类: | ||
| 主题词: | 体育运动 | |
| 电子资源: | ||
| ISBN: | 7-300-07590-8 | |
| 000 | 00574nam0 2200193 450 | |
| 001 | 0760515518 | |
| 005 | 20070817164835.51 | |
| 010 | @a7-300-07590-8@d¥39.80 | |
| 100 | @a20070817d km y0chiy0120 ea | |
| 101 | 0 | @achi |
| 200 | 1 | @a法拉利传奇@Afa la li chuan qi@f(德)奥佩曼著@F(de)ao pei man zhu@g王宇芳译@Gwang yu fang yi |
| 210 | @a北京@c中国人民大学出版社@d2006 | |
| 215 | @a242@d23cm | |
| 606 | 0 | @a体育运动 |
| 690 | @aG872.1@v3 | |
| 701 | 0 | @a奥佩曼@Aao pei man@4著 |
| 702 | 0 | @a王宇芳@Awang yu fang@4译 |
| 801 | 0 | @aCN@bPFT@c20070817 |
| 905 | @a213230@dG872.1@eg4@f1 | |
| 法拉利传奇/(德)奥佩曼著/王宇芳译.-北京:中国人民大学出版社,2006 |
| 242;23cm |
| ISBN 7-300-07590-8:¥39.80 |
| ● |
| 相关链接 |
|
|
|
|
正题名:法拉利传奇
索取号:G872.1/g4
 
预约/预借
| 序号 | 登录号 | 条形码 | 馆藏地/架位号 | 状态 | 备注 |
| 1 | 6503684 | 265036846 | 经管系资料室/ [索取号:G872.1/g4] | 在馆 | |
| 2 | 6503685 | 265036855 | 经管系资料室/ [索取号:G872.1/g4] | 在馆 |